Fr. Conceicao Rodrigues College of Engineering

Electronic Materials & Components (Record no. 26187)

MARC details
000 -LEADER
fixed length control field 00343nam a2200145Ia 4500
100 ## - MAIN ENTRY--PERSONAL NAME
Personal name Joshi/D.G/ Rao/P.C
245 ## - TITLE STATEMENT
Title Electronic Materials & Components
260 ## - PUBLICATION, DISTRIBUTION, ETC.
Name of publisher, distributor, etc. Nirali prakashan
Place of publication, distribution, etc. Pune
Date of publication, distribution, etc. 1991
300 ## - PHYSICAL DESCRIPTION
Extent 288
546 ## - LANGUAGE NOTE
Language note ENGLISH
650 ## - SUBJECT ADDED ENTRY--TOPICAL TERM
Topical term or geographic name entry element Electrical Engineering
654 ## - SUBJECT ADDED ENTRY--FACETED TOPICAL TERMS
Focus term Electronic Materials
942 ## - ADDED ENTRY ELEMENTS (KOHA)
Koha item type BOOK
Holdings
Withdrawn status Lost status Damaged status Not for loan Collection Home library Current library Shelving location Date acquired Total Checkouts Full call number Barcode Date last seen Price effective from Koha item type
        AFT Fr. Agnel's C.Rodrigues College of Engineering Fr. Agnel's C.Rodrigues College of Engineering   17/03/2023   AFT6107 17/03/2023 17/03/2023 BOOK
        AFT Fr. Agnel's C.Rodrigues College of Engineering Fr. Agnel's C.Rodrigues College of Engineering   17/03/2023   AFT6108 17/03/2023 17/03/2023 BOOK